000 00355nam a2200157Ia 4500
001 32182
003 IN-NITTTR
005 20251114233428.0
008 251113s9999||||xx |||||||||||||| ||eng||
040 _beng
040 _cIN-NITTTR
041 _aeng
082 _a006.3 R961A
245 0 _aArtificial Intelligence A modern Approach /
942 _2ddc
_cBK
999 _c34812
_d34812